Statistiques concernant Personnages Akatsuki ( Naruto )

Cliquez ici pour prendre le quiz!

Statistiques générales

  • Ce quiz a été pris 186 fois
  • Le résultat moyen est 13 sur 20

Statistiques - réponses

Réponse% Correct
Itachi
99%
Sasuke
95%
Obito
93%
Orochimaru
90%
Nagato
89%
Deidara
88%
Kisame
86%
Zetsu
85%
Sasori
82%
Konan
78%
Hidan
77%
Kakuzu
70%
Karin
69%
Suigetsu
61%
Jugo
55%
Yahiko
54%
Juzo
20%
Daibutsu
4%
Kie
4%
Kyusuke
3%

Distribution des résultats

Percentile par nombre de réponses

% des personnes avec chaque résultat

Votre développement - résultats

Vous n’avez pas pris ce quiz